<?xml version="1.0" encoding="UTF-8"?>
<collection xmlns="http://www.loc.gov/MARC21/slim">
 <record>
  <leader>00991nam a2200217 a 4500</leader>
  <controlfield tag="001">1/42835</controlfield>
  <controlfield tag="008">120724s2008    gr       b    000 0 gre  </controlfield>
  <datafield tag="020" ind1=" " ind2=" ">
   <subfield code="a">9789609836340</subfield>
  </datafield>
  <datafield tag="035" ind1=" " ind2=" ">
   <subfield code="l">45711</subfield>
  </datafield>
  <datafield tag="040" ind1=" " ind2=" ">
   <subfield code="a">GR-PeUP</subfield>
  </datafield>
  <datafield tag="082" ind1="0" ind2="0">
   <subfield code="a">737.4 ΜΑΚ</subfield>
  </datafield>
  <datafield tag="245" ind1="0" ind2="0">
   <subfield code="a">Μακεδονίας νόμισμα από τη συλλογή της Alpha Bank /</subfield>
   <subfield code="c">επιμέλεια Δήμητρα Τσαγκάρη.</subfield>
  </datafield>
  <datafield tag="260" ind1=" " ind2=" ">
   <subfield code="a">[Αθήνα] :</subfield>
   <subfield code="b">[Alpha Bank] ,</subfield>
   <subfield code="c">2008.</subfield>
  </datafield>
  <datafield tag="300" ind1=" " ind2=" ">
   <subfield code="a">151 σ. ;</subfield>
   <subfield code="c">31 εκ.</subfield>
  </datafield>
  <datafield tag="650" ind1=" " ind2="4">
   <subfield code="a">Νομίσματα.</subfield>
  </datafield>
  <datafield tag="650" ind1=" " ind2="4">
   <subfield code="a">Νομίσματα, Ελληνικά</subfield>
   <subfield code="x">Ιδιωτικές συλλογές.</subfield>
  </datafield>
  <datafield tag="650" ind1=" " ind2="4">
   <subfield code="a">Νομίσματα, Αρχαία</subfield>
   <subfield code="z">Ελλάδα</subfield>
   <subfield code="z">Μακεδονία</subfield>
   <subfield code="x">Εκθέσεις.</subfield>
  </datafield>
  <datafield tag="650" ind1=" " ind2="4">
   <subfield code="a">Νομίσματα, Ελληνικά</subfield>
   <subfield code="x">Εκθέσεις.</subfield>
  </datafield>
  <datafield tag="650" ind1=" " ind2="4">
   <subfield code="a">Νομίσματα</subfield>
   <subfield code="x">Ιστορία.</subfield>
  </datafield>
  <datafield tag="700" ind1="1" ind2=" ">
   <subfield code="a">Τσαγκάρη, Δήμητρα.</subfield>
  </datafield>
  <datafield tag="852" ind1=" " ind2=" ">
   <subfield code="a">INST</subfield>
   <subfield code="b">UNIPILB</subfield>
   <subfield code="c">MAIN</subfield>
   <subfield code="e">20120724</subfield>
   <subfield code="h">737.4 ΜΑΚ</subfield>
   <subfield code="p">00165538</subfield>
   <subfield code="q">00165538</subfield>
   <subfield code="t">LOAN</subfield>
   <subfield code="y">0</subfield>
   <subfield code="4">1</subfield>
  </datafield>
 </record>
</collection>
